000
00244 a2200097 4500
001
7051
100
_a
Husain, A
245
_a
Tarikh-e-Ibin-e-Khuldoon(Ameeran-e-Indlus aur Khulfa-e-Misar)
260
_a
_b
Nafees Academy
_c
090
_c
5821
_d
5821
942
_a
NUST-CAE
_c
M
_c
32291
999
_c
242124
_d
242124